[Event "Israeli Open Championship 2019"]
[Site "Jerusalem"]
[Date "2019.12.15"]
[Round "3.3"]
[White "Mikhalevski, Victor"]
[Black "Gorodetzky, Matan"]
[Result "1-0"]
[WhiteElo "2559"]
[BlackElo "2284"]
[Annotator "RC"]
[PlyCount "53"]
[EventDate "2019.12.12"]
[EventType "swiss"]
[EventCountry "ISR"]
[SourceTitle "playchess.com"]
[Source "ChessBase"]
[SourceQuality "1"]
[TimeControl "5400+30"]

1. c4 {[%emt 0:00:00]} e6 {[%emt 0:00:10]} 2. d4 {[%emt 0:00:00]} d5 {[%emt 0:00:06]} 3. Nf3 {[%emt 0:00:00]} c5 {[%emt 0:00:37]} 4. cxd5 {[%emt 0:00:23]} exd5 {[%emt 0:00:06]} 5. Bg5 {[%emt 0:00:15]} Be7 {[%emt 0:00:43]} 6. Bxe7 {[%emt 0:00:10]} Nxe7 {[%emt 0:00:06]} 7. dxc5 {[%emt 0:00:10]} Qa5+ {[%emt 0:00:41]} 8. Nc3 {[%emt 0:00:07]} Qxc5 {[%emt 0:00:36]} 9. e3 {[%emt 0:00:08]} Nbc6 {[%emt 0:01:08]} 10. Qa4 {[%emt 0:00:22]} O-O {[%emt 0:07:41]} 11. Bb5 {[%emt 0:01:04]} Rd8 {[%emt 0:10:56]} 12. Rd1 {[%emt 0:00:25]} Be6 {[%emt 0:06:29]} 13. O-O {[%emt 0:01:06]} a6 {[%emt 0:04:10]} 14. Bxc6 {[%emt 0:03:02]} Nxc6 {[%emt 0:02:41]} 15. Rd2 {[%emt 0:00:15]} Qc4 {[%emt 0:05:38]} 16. Rc1 {[%emt 0:04:37]} Qxa4 {[%emt 0:11:54]} 17. Nxa4 {[%emt 0:00:59]} Na5 {[%emt 0:05:26]} 18. b3 {[%emt 0:04:18]} Rac8 {[%emt 0:02:38]} 19. Rcd1 {[%emt 0:02:17]} b5 {[%emt 0:01:05]} 20. Nb6 {[%emt 0:02:39]} Rc6 {[%emt 0:08:23]} 21. Nxd5 {[%emt 0:00:14]} Kf8 {[%emt 0:00:04]} 22. e4 {[%emt 0:12:56]} Nb7 {[%emt 0:01:49]} 23. Nd4 {[%emt 0:04:12]} Rcd6 {[%emt 0:03:07]} 24. Nc7 {[%emt 0:08:33]} Bc8 {[%emt 0:02:22]} 25. e5 {[%emt 0:00:51]} Rb6 {[%emt 0:02:39]} 26. f4 {[%emt 0:08:02]} Ke7 {[%emt 0:05:33]} 27. Nf5+ {[%emt 0:02:37]} 1-0

[Event "Israeli Open Championship 2019"]
[Site "Jerusalem"]
[Date "2019.12.15"]
[Round "3.4"]
[White "Flom, Gabriel"]
[Black "Cohen Revivo, Shoham"]
[Result "1-0"]
[WhiteElo "2506"]
[BlackElo "2261"]
[Annotator "RC"]
[PlyCount "91"]
[EventDate "2019.12.12"]
[EventType "swiss"]
[EventCountry "ISR"]
[SourceTitle "playchess.com"]
[Source "ChessBase"]
[SourceQuality "1"]
[TimeControl "5400+30"]

1. d4 {[%emt 0:00:59]} d5 {[%emt 0:00:00]} 2. c4 {[%emt 0:00:08]} c6 {[%emt 0:00:00]} 3. Nc3 {[%emt 0:00:05]} Nf6 {[%emt 0:00:00]} 4. Nf3 {[%emt 0:00:04]} e6 {[%emt 0:00:00]} 5. Bg5 {[%emt 0:00:28]} Nbd7 {[%emt 0:00:29]} 6. Qc2 {[%emt 0:01:59]} dxc4 {[%emt 0:02:23]} 7. e4 {[%emt 0:00:32]} b5 {[%emt 0:00:05]} 8. e5 {[%emt 0:00:34]} h6 {[%emt 0:00:06]} 9. Bh4 {[%emt 0:01:03]} g5 {[%emt 0:00:05]} 10. Nxg5 {[%emt 0:18:42]} hxg5 {[%emt 0:00:09]} 11. Bxg5 {[%emt 0:00:02]} Bb4 {[%emt 0:01:32]} 12. exf6 {[%emt 0:05:32]} Nb6 {[%emt 0:00:28]} 13. O-O-O {[%emt 0:04:50]} Bxc3 {[%emt 0:00:24]} 14. Qxc3 {[%emt 0:00:09]} Nd5 {[%emt 0:00:17]} 15. Qa3 {[%emt 0:00:03]} b4 {[%emt 0:06:07]} 16. Qa4 {[%emt 0:03:11]} c3 {[%emt 0:00:06]} 17. Bc4 {[%emt 0:10:00]} Bd7 {[%emt 0:02:00]} 18. bxc3 {[%emt 0:18:57]} bxc3 {[%emt 0:00:07]} 19. Bxd5 {[%emt 0:04:44]} cxd5 {[%emt 0:00:07]} 20. Qa3 {[%emt 0:00:02]} Rb8 {[%emt 0:00:23]} 21. Rd3 {[%emt 0:07:57]} a5 {[%emt 0:01:55]} 22. Rxc3 {[%emt 0:03:07]} Rb4 {[%emt 0:00:07]} 23. Rb3 {[%emt 0:01:05]} Qc7+ {[%emt 0:13:09]} 24. Kb1 {[%emt 0:06:38]} Qc4 {[%emt 0:02:17]} 25. Rxb4 {[%emt 0:03:18]} axb4 {[%emt 0:00:02]} 26. Qg3 {[%emt 0:04:48]} Qc3 {[%emt 0:09:06]} 27. Qxc3 {[%emt 0:00:53]} bxc3 {[%emt 0:00:01]} 28. Kc2 {[%emt 0:01:17]} Ba4+ {[%emt 0:00:18]} 29. Kxc3 {[%emt 0:00:03]} Kd7 {[%emt 0:00:03]} 30. h4 {[%emt 0:01:52]} Rc8+ {[%emt 0:00:08]} 31. Kd3 {[%emt 0:01:06]} Bc2+ {[%emt 0:00:30]} 32. Kd2 {[%emt 0:00:45]} Be4 {[%emt 0:00:42]} 33. f3 {[%emt 0:00:12]} Rc2+ {[%emt 0:00:48]} 34. Ke3 {[%emt 0:00:00]} Bh7 {[%emt 0:00:19]} 35. Rg1 {[%emt 0:01:39]} Rxa2 {[%emt 0:00:47]} 36. Bf4 {[%emt 0:00:07]} Kc6 {[%emt 0:07:39]} 37. Be5 {[%emt 0:00:14]} Kb5 {[%emt 0:00:22]} 38. g4 {[%emt 0:00:51]} Ra3+ {[%emt 0:01:49]} 39. Kf4 {[%emt 0:00:03]} Kc4 {[%emt 0:00:04]} 40. Re1 {[%emt 0:01:29]} Bc2 {[%emt 0:02:22]} 41. h5 {[%emt 0:00:26]} Ra8 {[%emt 0:00:16]} 42. Rc1 {[%emt 0:00:29]} Kd3 {[%emt 0:00:30]} 43. Rxc2 {[%emt 0:00:06]} Kxc2 {[%emt 0:00:11]} 44. g5 {[%emt 0:00:01]} Rg8 {[%emt 0:01:04]} 45. g6 {[%emt 0:00:08]} fxg6 {[%emt 0:00:05]} 46. hxg6 {[%emt 0:01:10]} 1-0

[Event "Israeli Open Championship 2019"]
[Site "Jerusalem"]
[Date "2019.12.15"]
[Round "3.5"]
[White "Friedland, Moshe"]
[Black "Soffer, Ram"]
[Result "0-1"]
[WhiteElo "2267"]
[BlackElo "2490"]
[Annotator "TA"]
[PlyCount "36"]
[EventDate "2019.12.12"]
[EventType "swiss"]
[EventCountry "ISR"]
[SourceTitle "playchess.com"]
[Source "ChessBase"]
[SourceQuality "1"]

{[%evp 9,76,14,40,16,25,26,28,18,19,21,18,25,37,23,36,27,23,-66,-64,-110,-116,-92,-113,-156,-158,-204,-159,-160,-159,-155,-155,-155,-135,-245,-243,-300,-293,-296,-290,-273,-280,-268,-270,-266,-265,-315,-314,-311,-297,-290,-291,-320,-324,-354,-359,-352,-356,-335,-344,-397,-297,-381,-383,-438,-437,-445,-435,-526,-474]} 1. e4 c5 2. Nf3 e6 3. d4 cxd4 4. Nxd4 Nc6 5. Nc3 Qc7 6. Qd3 {B47: Sicilian: Taimanov: 5 Nc3 Qc7 6 f4, 6 g3 and 6 Be2} (6. Be3 a6 7. Qf3 Ne5 8. Qg3 h5 9. Bg5 f6 10. Bf4 Ne7 11. O-O-O Kf7 12. Bxe5 Qxe5 13. f4 h4 14. Qe3 Qc7 {1-0 (35) Ding,L (2811)-Shankland,S (2705) chess.com INT 2019}) 6... Nf6 7. Ndb5 Qb8 $1 8. Qg3 {Nc7+ is the strong threat.White has an edge.} d6 $1 {White should prevent ...a6.} 9. Be3 {Hoping for 0-0-0.} a6 10. Nd4 Be7 11. O-O-O O-O 12. f4 $146 ({Predecessor:} 12. Nxc6 bxc6 13. h4 e5 {0-1 (51) Druska,J (2429)-Nagy,G (2481) Ordu 2018}) 12... Bd7 13. e5 ({White should try} 13. Nf3 $11) 13... dxe5 $15 14. Nxc6 Bxc6 15. fxe5 Nh5 16. Qh3 Qxe5 17. Bd3 g6 18. Kb1 {[#]} Nf4 {Played: Bc6xg2} 0-1

[Event "Israeli Open Championship 2019"]
[Site "Jerusalem"]
[Date "2019.12.15"]
[Round "3.6"]
[White "Rechlis, Gad"]
[Black "Uritsky, Yonathan"]
[Result "1-0"]
[WhiteElo "2490"]
[BlackElo "1881"]
[Annotator "TA"]
[PlyCount "47"]
[EventDate "2019.12.12"]
[EventType "swiss"]
[EventCountry "ISR"]
[SourceTitle "playchess.com"]
[Source "ChessBase"]
[SourceQuality "1"]

{[%evp 19,47,0,70,67,82,102,185,185,185,178,197,188,272,268,275,266,272,275,271,223,239,219,249,263,273,267,279,279,423,-1057]} 1. Nf3 Nf6 2. c4 g6 3. Nc3 d5 4. cxd5 Nxd5 5. g3 Bg7 6. Bg2 c5 7. O-O O-O 8. Nxd5 Qxd5 9. d3 Nc6 10. Be3 Qh5 (10... Bxb2 $11 11. Rb1 Bg7) 11. Rc1 $14 {A38: Symmetrical English vs ...g6: 4 Bg2 Bg7 5 Nf3 Nf6} Nd4 12. b4 {[%cal Bb2b4,Bb4c5][%mdl 32]} Qg4 $146 (12... Nf5 $16) ({Predecessor:} 12... Nf5 13. Rxc5 Nxe3 14. fxe3 Qg4 15. Qd2 Bh6 16. Ne5 Qd4 17. Nc4 Qd8 18. d4 b6 {½-½ (97) Neumeier,K (2300)-Leenhouts,K (2491) Vienna 2016}) 13. bxc5 $18 {[#] Nxd4 is the strong threat.White is clearly better.} ({Resist} 13. Rxc5 Nxf3+ 14. Bxf3 Qxb4 $16) 13... Nc6 14. Qb3 e5 15. Ng5 Ne7 (15... h6 $142) 16. Bxb7 Rb8 17. Bxc8 Rbxc8 18. Qb7 Nc6 19. Rfe1 Qa4 20. Qd7 {Strongly threatening Nxf7!} Rcd8 {[#]} 21. Qh3 $1 {[%csl Gg5][%cal Rh3h7]} h5 22. Rc4 Qa5 23. Kf1 Rfe8 (23... Qc7 $142 24. g4 Qd7 25. gxh5 Qxh3+ 26. Nxh3 gxh5) 24. g4 {Played: Qh3-g4} 1-0

[Event "Israeli Open Championship 2019"]
[Site "Jerusalem"]
[Date "2019.12.15"]
[Round "3.7"]
[White "Golberg, Igor"]
[Black "Sokolovsky, Yahli"]
[Result "1-0"]
[WhiteElo "2156"]
[BlackElo "2045"]
[Annotator "RC"]
[PlyCount "75"]
[EventDate "2019.12.12"]
[EventType "swiss"]
[EventCountry "ISR"]
[SourceTitle "playchess.com"]
[Source "ChessBase"]
[SourceQuality "1"]
[TimeControl "5400+30"]

1. d4 {[%emt 0:00:00]} Nf6 {[%emt 0:00:00]} 2. c4 {[%emt 0:00:00]} g6 {[%emt 0:00:00]} 3. Nc3 {[%emt 0:00:04]} Bg7 {[%emt 0:00:00]} 4. Nf3 {[%emt 0:00:15]} O-O {[%emt 0:00:02]} 5. g3 {[%emt 0:00:04]} d6 {[%emt 0:00:24]} 6. Bg2 {[%emt 0:00:06]} Nc6 {[%emt 0:00:27]} 7. O-O {[%emt 0:00:12]} e5 {[%emt 0:00:20]} 8. dxe5 {[%emt 0:00:26]} dxe5 {[%emt 0:00:06]} 9. Bg5 {[%emt 0:00:12]} Be6 {[%emt 0:00:09]} 10. Nd2 {[%emt 0:00:15]} h6 {[%emt 0:02:07]} 11. Bxf6 {[%emt 0:00:11]} Bxf6 {[%emt 0:06:25]} 12. Nde4 {[%emt 0:00:09]} Be7 {[%emt 0:02:06]} 13. Qc1 {[%emt 0:00:11]} Kg7 {[%emt 0:02:49]} 14. Rd1 {[%emt 0:00:04]} Qe8 {[%emt 0:04:52]} 15. Nd5 {[%emt 0:00:08]} Rc8 {[%emt 0:01:00]} 16. Nxe7 {[%emt 0:00:12]} Qxe7 {[%emt 0:00:14]} 17. Nc3 {[%emt 0:00:07]} Bxc4 {[%emt 0:10:57]} 18. b3 {[%emt 0:00:07]} Be6 {[%emt 0:02:49]} 19. Bxc6 {[%emt 0:00:07]} bxc6 {[%emt 0:00:08]} 20. Qe3 {[%emt 0:00:05]} Bh3 {[%emt 0:15:48]} 21. Qxa7 {[%emt 0:12:53]} f5 {[%emt 0:07:17]} 22. Qe3 {[%emt 0:05:14]} Qe6 {[%emt 0:02:55]} 23. f4 {[%emt 0:01:08]} Rce8 {[%emt 0:03:36]} 24. Rd3 {[%emt 0:12:51]} Rf7 {[%emt 0:08:08]} 25. Rad1 {[%emt 0:01:28]} g5 {[%emt 0:16:13]} 26. fxg5 {[%emt 0:19:54]} f4 {[%emt 0:00:09]} 27. gxf4 {[%emt 0:00:10]} Qg4+ {[%emt 0:08:47]} 28. Qg3 {[%emt 0:00:13]} Rxf4 {[%emt 0:01:23]} 29. gxh6+ {[%emt 0:01:21]} Kxh6 {[%emt 0:00:02]} 30. Qxg4 {[%emt 0:01:00]} Rxg4+ {[%emt 0:00:03]} 31. Rg3 {[%emt 0:00:17]} Reg8 {[%emt 0:04:41]} 32. Kf2 {[%emt 0:01:04]} Rf8+ {[%emt 0:01:01]} 33. Ke3 {[%emt 0:00:06]} Rxg3+ {[%emt 0:00:11]} 34. hxg3 {[%emt 0:00:01]} Kh5 {[%emt 0:01:04]} 35. Rh1 {[%emt 0:01:10]} Kg4 {[%emt 0:00:11]} 36. Ne4 {[%emt 0:00:06]} Bg2 {[%emt 0:00:31]} 37. Rh4+ {[%emt 0:00:10]} Kf5 {[%emt 0:00:01]} 38. Rh2 {[%emt 0:00:08] Kxe4+ Kxe4} 1-0

[Event "Israeli Open Championship 2019"]
[Site "Jerusalem"]
[Date "2019.12.15"]
[Round "3.8"]
[White "Har-Even, Abir"]
[Black "Zak, Arad"]
[Result "1/2-1/2"]
[WhiteElo "2104"]
[BlackElo "2076"]
[Annotator "NA RC"]
[PlyCount "109"]
[EventDate "2019.12.12"]
[EventType "swiss"]
[EventCountry "ISR"]
[SourceTitle "playchess.com"]
[Source "ChessBase"]
[SourceQuality "1"]
[TimeControl "5400+30"]

1. e4 {[%emt 0:00:00]} Nf6 {[%emt 0:04:23]} 2. e5 {[%emt 0:00:00]} Nd5 {[%emt 0:00:13]} 3. d4 {[%emt 0:00:03]} d6 {[%emt 0:00:11]} 4. c4 {[%emt 0:00:11]} Nb6 {[%emt 0:00:07]} 5. exd6 {[%emt 0:00:14]} exd6 {[%emt 0:00:08]} 6. Nc3 {[%emt 0:00:17]} Nc6 {[%emt 0:00:14]} 7. Be3 {[%emt 0:00:22]} Be7 {[%emt 0:00:17]} 8. Rc1 {[%emt 0:00:40]} O-O {[%emt 0:07:15]} 9. b3 {[%emt 0:01:40]} Re8 {[%emt 0:05:58]} 10. Nf3 {[%emt 0:04:02]} Bg4 {[%emt 0:01:50]} 11. Be2 {[%emt 0:01:25]} Bf6 {[%emt 0:02:09]} 12. O-O {[%emt 0:00:56]} d5 {[%emt 0:02:11] B05: Alekhine's Defence: 4 Nf3 Bg4} 13. c5 {[%emt 0:05:48]} Nc8 {[%emt 0:00:39]} 14. h3 {[%emt 0:00:28]} Bf5 {[%emt 0:19:09]} 15. Qd2 {[%emt 0:05:50]} h6 {[%emt 0:04:21]} 16. Nh2 {[%emt 0:17:58]} N8e7 {[%emt 0:06:02]} 17. Ng4 {[%emt 0:03:22]} Bxg4 {[%emt 0:00:13]} 18. Bxg4 {[%emt 0:01:12]} Ng6 {[%emt 0:05:24]} 19. Ne2 $146 {[%emt 0:02:10]} ({Predecessor:} 19. g3 Nf8 20. Ne2 Ne6 21. b4 {½-½ (44) Gomez Fontal,F (2329)-Baron Rodriguez,J (2431) Havana 2007}) 19... a5 {[%emt 0:15:15]} 20. Ng3 {[%emt 0:03:35]} Bg5 {[%emt 0:04:25]} 21. f4 {[%emt 0:10:16]} Bf6 {[%emt 0:00:36]} 22. Nh5 {[%emt 0:00:16]} Kh8 {[%emt 0:08:04]} 23. Rcd1 {[%emt 0:15:24]} Nf8 {[%emt 0:01:57]} 24. Nxf6 {[%emt 0:05:26]} Qxf6 {[%emt 0:00:12]} 25. a3 {[%emt 0:00:34]} Re7 {[%emt 0:03:42]} 26. Bf3 {[%emt 0:02:28]} Qe6 {[%emt 0:00:51]} 27. Rfe1 {[%emt 0:00:56]} Rae8 {[%emt 0:01:24]} 28. b4 {[%emt 0:01:07]} axb4 {[%emt 0:00:28]} 29. axb4 {[%emt 0:00:04]} Qf5 $14 {[%emt 0:02:13]} 30. g4 {[%emt 0:05:04]} Qf6 {[%emt 0:01:06]} 31. Bxd5 {[%emt 0:02:42]} Nxb4 {[%emt 0:00:10]} 32. Bg2 {[%emt 0:01:20]} Ng6 {[%emt 0:02:53]} 33. d5 {[%emt 0:03:17]} Nc2 {[%emt 0:00:19]} 34. Qxc2 {[%emt 0:00:32]} Rxe3 {[%emt 0:00:05]} 35. Rxe3 {[%emt 0:00:57]} Rxe3 {[%emt 0:00:01]} 36. d6 {[%emt 0:01:31]} cxd6 {[%emt 0:01:21]} 37. cxd6 {[%emt 0:00:28]} Re8 {[%emt 0:02:10]} 38. d7 {[%emt 0:00:54]} Rd8 {[%emt 0:00:06]} 39. Qc7 {[%emt 0:02:57]} Nxf4 {[%emt 0:00:20]} 40. Re1 {[%emt 0:01:40]} Ne6 {[%emt 0:00:30]} 41. Qxb7 {[%emt 0:00:32]} Qd4+ {[%emt 0:00:10]} 42. Kh1 {[%emt 0:00:12]} Qxd7 {[%emt 0:00:09]} 43. Qxd7 {[%emt 0:00:48]} Rxd7 {[%emt 0:00:01]} 44. Be4 {[%emt 0:00:17]} g6 {[%emt 0:00:18]} 45. Bxg6 {[%emt 0:00:59]} Nf4 {[%emt 0:00:43]} 46. Bf5 {[%emt 0:00:21]} Rd2 {[%emt 0:00:07]} 47. Re3 {[%emt 0:00:42]} Kg7 {[%emt 0:00:11]} 48. Rf3 {[%emt 0:00:21]} Nd5 {[%emt 0:00:26]} 49. Rd3 {[%emt 0:00:16]} Rxd3 50. Bxd3 {[%emt 0:00:02]} Kf6 {[%emt 0:01:09]} 51. Kh2 {[%emt 0:00:14]} Nf4 {[%emt 0:02:00]} 52. Bc4 {[%emt 0:00:08]} h5 {[%emt 0:01:00]} 53. Kg3 {[%emt 0:00:19]} hxg4 {[%emt 0:00:32]} 54. Kxf4 {[%emt 0:00:33]} gxh3 {[%emt 0:00:07]} 55. Ke4 {[%emt 0:03:40] Ke5+} 1/2-1/2

[Event "Israeli Open Championship 2019"]
[Site "Jerusalem"]
[Date "2019.12.15"]
[Round "3.9"]
[White "Dvoirys, Semen I."]
[Black "Gorodetzky, David"]
[Result "0-1"]
[WhiteElo "2467"]
[BlackElo "2483"]
[Annotator "TA"]
[PlyCount "66"]
[EventDate "2019.12.12"]
[EventType "swiss"]
[EventCountry "ISR"]
[SourceTitle "playchess.com"]
[Source "ChessBase"]
[SourceQuality "1"]

{[%evp 26,66,32,39,34,33,29,12,14,9,12,27,19,14,7,15,5,0,0,0,0,0,0,0,0,0,0,0,0,0,0,0,0,0,0,0,0,0,0,-800,-784,-729,-646]} 1. e4 c6 2. d4 d5 3. Nd2 dxe4 4. Nxe4 Bf5 5. Ng3 Bg6 6. h4 h6 7. Nf3 Nd7 8. h5 Bh7 9. Bd3 Bxd3 10. Qxd3 e6 11. Bd2 Ngf6 12. O-O-O Bd6 13. Ne4 Nxe4 14. Qxe4 Nf6 {B19: Classical Caro-Kann: 4...Bf5 main line} 15. Qe2 Bc7 16. c4 (16. Kb1 Qd5 17. c4 Qe4+ 18. Qxe4 Nxe4 19. Be1 O-O-O 20. Kc2 Rhe8 21. Ne5 f6 22. Ng6 {½-½ (32) Kovalev,V (2640)-Shimanov,A (2646) Saint Louis 2017}) 16... b5 {The position is equal.} 17. Kb1 bxc4 18. Qxc4 O-O 19. Qxc6 Rb8 20. Rc1 Bd6 21. Qa6 $146 ({Predecessor:} 21. Rc2 Rb6 22. Qa4 {0-1 (56) Begmuratov,A (2401)-Yuffa,D (2527) Tarvisio 2017}) 21... Qd7 22. Rc6 Be7 23. Qc4 Nd5 24. Rc1 Qb7 {[%csl Gb8][%cal Rb7b2]} 25. Rc2 Bb4 $1 26. Qa6 Qe7 {Hoping for ...Bxd2.} 27. Rc8 Bxd2 28. Rxf8+ Rxf8 29. Rxd2 Qc7 30. a3 ({Don't go for} 30. Rc2 $2 {[#]} Qxc2+ $1 {[%mdl 512]} 31. Kxc2 Nb4+ 32. Kd1 Nxa6 $19) 30... Rc8 31. Ka2 Qc1 32. Qxa7 $2 {[%mdl 8192]} (32. Qb7 $11) 32... Qc4+ $19 33. Kb1 {[#]} Qb5 {Played: Qc4-b3} 0-1

[Event "Israeli Open Championship 2019"]
[Site "Jerusalem"]
[Date "2019.12.15"]
[Round "3.10"]
[White "Gruzman, Ilya"]
[Black "Baron, Tal"]
[Result "0-1"]
[WhiteElo "1889"]
[BlackElo "2541"]
[Annotator "RC"]
[PlyCount "72"]
[EventDate "2019.12.12"]
[EventType "swiss"]
[EventCountry "ISR"]
[SourceTitle "playchess.com"]
[Source "ChessBase"]
[SourceQuality "1"]
[TimeControl "5400+30"]

1. Nf3 {[%emt 0:00:00]} g6 {[%emt 0:03:05]} 2. c4 {[%emt 0:01:09]} Bg7 {[%emt 0:00:05]} 3. d4 {[%emt 0:01:13]} Nf6 {[%emt 0:00:10]} 4. Nc3 {[%emt 0:00:33]} d5 {[%emt 0:00:10]} 5. cxd5 {[%emt 0:01:21]} Nxd5 {[%emt 0:00:02]} 6. e4 {[%emt 0:00:07]} Nxc3 {[%emt 0:00:04]} 7. bxc3 {[%emt 0:00:03]} c5 {[%emt 0:00:03]} 8. Rb1 {[%emt 0:00:21]} O-O {[%emt 0:00:03]} 9. Be2 {[%emt 0:00:24]} b6 {[%emt 0:00:19]} 10. Be3 {[%emt 0:00:58]} Bb7 {[%emt 0:00:30]} 11. Qd3 {[%emt 0:08:56]} e6 {[%emt 0:08:58]} 12. O-O {[%emt 0:18:21]} Qc7 {[%emt 0:04:27]} 13. dxc5 {[%emt 0:04:07]} Nd7 {[%emt 0:04:58]} 14. cxb6 {[%emt 0:12:13]} axb6 {[%emt 0:00:09]} 15. Rfd1 {[%emt 0:10:18]} Nc5 {[%emt 0:04:46]} 16. Bxc5 {[%emt 0:01:53]} Qxc5 {[%emt 0:00:06]} 17. Qd6 {[%emt 0:06:43]} Bxe4 {[%emt 0:01:23]} 18. Rxb6 {[%emt 0:06:01]} Qxc3 {[%emt 0:03:50]} 19. Rb3 {[%emt 0:05:43]} Qa5 {[%emt 0:00:59]} 20. Qd2 {[%emt 0:12:18]} Qxa2 {[%emt 0:02:22]} 21. Qxa2 {[%emt 0:02:11]} Rxa2 {[%emt 0:00:02]} 22. Re3 {[%emt 0:00:45]} Bd5 {[%emt 0:02:23]} 23. Bf1 {[%emt 0:01:32]} Rc8 {[%emt 0:01:33]} 24. Ne1 {[%emt 0:01:18]} Ra1 {[%emt 0:06:06]} 25. Rxa1 {[%emt 0:00:24]} Bxa1 {[%emt 0:00:01]} 26. Nd3 {[%emt 0:00:51]} Bd4 {[%emt 0:00:19]} 27. Re2 {[%emt 0:00:43]} Rb8 {[%emt 0:03:41]} 28. Nf4 {[%emt 0:00:01]} Bc6 {[%emt 0:04:55]} 29. Nd3 {[%emt 0:00:06]} Rb3 {[%emt 0:02:32]} 30. Rc2 {[%emt 0:00:40]} Bd5 {[%emt 0:02:40]} 31. Nf4 {[%emt 0:00:32]} Bb7 {[%emt 0:01:48]} 32. Rd2 {[%emt 0:01:22]} Bb6 {[%emt 0:02:12]} 33. Rd1 {[%emt 0:01:15]} e5 {[%emt 0:02:07]} 34. Ne2 {[%emt 0:01:36]} Rb2 {[%emt 0:01:51]} 35. g3 {[%emt 0:00:53]} Bf3 {[%emt 0:00:25]} 36. Re1 {[%emt 0:00:15]} e4 {[%emt 0:00:09]} 0-1

[Event "Israeli Open Championship 2019"]
[Site "Jerusalem"]
[Date "2019.12.15"]
[Round "3.11"]
[White "Lahav, Michal"]
[Black "Bulkovstein, David"]
[Result "1-0"]
[WhiteElo "2244"]
[BlackElo "1889"]
[Annotator "TA"]
[PlyCount "81"]
[EventDate "2019.12.12"]
[EventType "swiss"]
[EventCountry "ISR"]
[SourceTitle "playchess.com"]
[Source "ChessBase"]
[SourceQuality "1"]

{[%evp 9,81,21,18,14,16,18,20,18,21,7,0,0,37,41,34,19,52,45,85,92,77,76,142,138,136,138,161,164,173,155,163,133,157,154,159,157,150,151,147,158,164,141,147,44,144,138,131,122,282,290,155,284,289,281,285,289,277,282,252,177,284,191,185,191,225,215,228,205,375,373,397,387,738,731]} 1. e4 e6 2. d4 d5 3. Bd3 c5 4. exd5 exd5 5. Nf3 c4 (5... Nf6 6. O-O c4 7. Re1+ Be7 8. Be2 O-O 9. b3 cxb3 10. axb3 Nc6 11. c3 Re8 12. Nbd2 Bd6 13. Bd3 Bg4 14. Rxe8+ Qxe8 {0-1 (52) Fontaine,R (2563)-Carlsen,M (2834) chess.com INT 2018}) 6. Be2 {C01: French: Exchange Variation} Nf6 7. O-O Bd6 8. Nc3 {The position is equal.} h6 $146 ({Predecessor:} 8... Nc6 9. Bg5 Be7 10. Re1 O-O 11. a3 h6 12. Bh4 Bf5 13. Ne5 g5 {0-1 (59) Ramos Donaire,M-Ankudinova,E (2126) Baku 2016}) 9. Ne5 Nc6 10. Bf3 Be6 11. Nxc4 dxc4 12. d5 $36 {[%mdl 2048] [#] White is pushing.} Nxd5 $1 {[%mdl 512]} 13. Bxd5 (13. Nxd5 O-O) 13... O-O {[#]} 14. Bxe6 $1 fxe6 15. Qg4 Ne5 (15... Qe7 $142) 16. Qxe6+ $16 Kh8 17. Be3 {Black must now prevent Rad1.} Rf6 {[#]} 18. Qh3 $1 Rg6 19. Rad1 {And now Ne4 would win.} Qf8 20. Qh5 Qf7 21. Kh1 Re6 22. Qxf7 Nxf7 23. Rd5 Be5 24. Rfd1 a6 25. Rd7 Nd6 26. Bc5 ({White should play} 26. Nd5 $16 {aiming for Nc7.} Rf8 27. g3) 26... Rae8 ({Better is} 26... Bxc3 $1 $14 27. bxc3 Nb5) 27. h3 {[%cal Rc5d6]} (27. Bxd6 $6 Bxc3 28. g3 Bxb2 $11) 27... Bxc3 28. bxc3 ({Stronger than} 28. Bxd6 Bxb2 29. Bb4 (29. Rxb7 $2 Rxd6 {[%mdl 64] Deflection} 30. Rxd6 Re1+ 31. Kh2 Be5+ {[%mdl 64] Double Attack} 32. g3 Bxd6 $19) 29... Bf6 $17) 28... Re1+ $2 (28... Ne4 $16 29. Bd4 R8e7 30. Rxe7 Rxe7) 29. Rxe1 $18 Rxe1+ {[%mdl 4096] Endgame KRB-KRN} 30. Kh2 Ne4 31. Bd4 Nf6 32. Rxb7 Ra1 33. Rb2 a5 34. f3 Kh7 (34... a4 {is a better defense.} 35. Rb4 Rxa2 36. Rxc4 Kh7) 35. Bc5 Nd5 36. a3 Nxc3 37. Rb7 {Bd4 is the strong threat.} Rb1 38. Ra7 Ne2 $2 (38... h5 {might work better.} 39. Rxa5 Rc1) 39. Re7 Rb5 40. Bf2 ({Weaker is} 40. Rxe2 Rxc5 41. f4 Kg6 $16) 40... Nc3 $2 (40... Nf4 41. Bd4 h5 42. Rxg7+ Kh6) 41. Bd4 {[%mdl 64] Double Attack. Accuracy: White = 78%, Black = 33%.} 1-0